Latin Quiz 5 - Statistics

General Stats
  • This quiz has been taken 9 times
  • The average score is 6 of 15
Answer Stats
Hint Answer % Correct
soror Sororis; F.; sister
88%
Vos You
75%
Toga Toga F.
63%
Ubi...? Where...?
63%
Tuus Your
63%
Tunica Tunic F.
50%
uxor Uxoris; F.; wife
50%
unde...? From where...?
38%
Sto Stare, to stand
25%
Teneo Tenere, to hold
25%
verbero Verberare; to beat, whip
25%
tribus diebus In three days
13%
traho Trahere; to drag
13%
vestigi Vestigii; N.; footprint
13%
vilicus Vilici; M.; overseer
13%
No matching quizzes found
Score Distribution
Percent of People with Each Score
Percentile by Number Answered
Your Score History
You have not taken this quiz